000 01577nam a22004817a 4500
003 OSt
005 20230823125646.0
008 221006b |||||||| |||| 00| 0 eng d
040 _cBiblioteca Lado V
082 _a708
_bO77m
100 _9960
_aOrtiz Serrano, Gustavo
_edirector
245 _aMuseo de Arte Contemporáneo de Bogotá/
_bAbrakadabra| El Ritual de lo habitual/
260 _c2015
_bUNIMINUTO
_aBogota
_aColombia
300 _c21.5x28cm
_a24p.
490 _a4
_v1
_x2422-1856
505 _tTexto: "Dilige et Quod vis fac"
505 _tDetras del muro
505 _tDesenho Reanimado
505 _tLa virgen de la vida cotidiana
505 _tGlobero
505 _tReza
505 _tCCX UNA MARTIR CIX La Destrucción desde Baudelaire
505 _tEstudio sobre Retrato III
505 _tCarbón Core 66
505 _tTexto: Curatorial Abrahadabra
505 _tOui-ja tabla parlante
505 _tEl descendimiento
505 _tLa pesca
505 _tVestido 2 y Vestido 3
505 _tDanza
505 _tBrujería
505 _tHybrida Sensorium
505 _tPsicofonias #1 y Psicofonias #3
505 _tDream Sequence (3)
505 _tMetamorfosis
505 _tLapsus Tropicos: Shadow
505 _tImagen Imaginada
650 _2Tesauro de Arte & Arquitectura
_aARTE
650 _2Tesauro de Arte & Arquitectura
_aBRUJERIA
_9702
650 _2Tesauro de Arte & Arquitectura
_aRITUALES
_9703
651 _2Tesauro de Arte & Arquitectura
_aPARANORMAL
942 _2ddc
_c1
_h708
_iO77m
_n0
999 _c4188
_d4188